social inequality (Record no. 9052)

MARC details
000 -LEADER
fixed length control field 00341 a2200157 4500
003 - CONTROL NUMBER IDENTIFIER
control field OSt
005 - DATE AND TIME OF LATEST TRANSACTION
control field 20211004145714.0
008 - FIXED-LENGTH DATA ELEMENTS--GENERAL INFORMATION
fixed length control field 211004b |||||||| |||| 00| 0 eng d
040 ## - CATALOGING SOURCE
Transcribing agency hu
082 ## - DEWEY DECIMAL CLASSIFICATION NUMBER
Classification number 301.4480
100 ## - MAIN ENTRY--PERSONAL NAME
Personal name fredrik
9 (RLIN) 9698
245 ## - TITLE STATEMENT
Title social inequality
260 ## - PUBLICATION, DISTRIBUTION, ETC.
Place of publication, distribution, etc. USA
Name of publisher, distributor, etc. hall
Date of publication, distribution, etc. 1969
300 ## - PHYSICAL DESCRIPTION
Extent 397
942 ## - ADDED ENTRY ELEMENTS (KOHA)
Source of classification or shelving scheme Dewey Decimal Classification
Koha item type Books like text book referance book
Suppress in OPAC No

No items available.